Department of the Interior. United States Geological Survey. Charles D. Walcott, Director. Results of spirit leveling in the State of New York for the years 1896 to 1905.

Bibliographic Details
Corporate Authors: Geological Survey (U.S.), ProQuest (Firm)
Format: Government Document eBook
Language:English
Published: Washington : [publisher not identified], 1906.
Series:United States congressional serial set.
Subjects:
Online Access:Connect to the full text of this electronic book

MARC

Tag First Indicator Second Indicator Subfields
LEADER 00000cam a22000001a 4500
001 in00002801751
005 20190331180941.0
006 m o d
007 cr bn mmmapmmp
008 091225s1906 dcud o f000 0 eng d
035 |a cis2004330686 
040 |a UMI  |c UMI  |d UtOrBLW 
043 |a n-us--- 
086 0 |a I 19.3:281 
099 |a ProQuest Serial Set Number 5016 H.doc.829 
110 2 |a Geological Survey (U.S.) 
245 1 0 |a Department of the Interior. United States Geological Survey. Charles D. Walcott, Director. Results of spirit leveling in the State of New York for the years 1896 to 1905. 
246 1 |a Geological Survey bulletin 281; Spirit leveling in New York, 1896-1905 
264 1 |a Washington :  |b [publisher not identified],  |c 1906. 
300 |a 1 online resource. 
336 |a text  |b txt  |2 rdacontent 
337 |a computer  |b c  |2 rdamedia 
338 |a online resource  |b cr  |2 rdacarrier 
490 0 |a H.doc.829 
500 |a Record is based on bibliographic data in ProQuest U.S. Serial Set Digital Collection (last viewed Dec. 2009). Reuse except for individual research requires license from ProQuest, LLC. 
510 3 |a ProQuest U.S. Serial Set Digital Collection 
500 |a Electronic resource. 
610 2 0 |a Geological Survey (U.S.) 
650 0 |a Measuring instruments. 
651 0 |a New York (State) 
655 7 |a Electronic books.  |2 local 
710 2 |a ProQuest (Firm) 
830 0 |a United States congressional serial set. 
856 4 0 |u http://proxy.library.tamu.edu/login?url=http://congressional.proquest.com/congcomp/getdoc?SERIAL-SET-ID=5016+H.doc.829  |z Connect to the full text of this electronic book  |t 0 
999 |a MARS 
999 f f |s b4b50f0d-5d1e-38d7-8a8e-defd27ddb0ac  |i e67b3460-4cb1-397b-8d83-b5ef1eea920d  |t 0 
952 f f |a Texas A&M University  |b College Station  |c Electronic Resources  |d Available Online  |t 0  |e ProQuest Serial Set Number 5016 H.doc.829  |h Other scheme 
998 f f |a ProQuest Serial Set Number 5016 H.doc.829  |t 0  |l Available Online